Pozor - čas tréninků se blíží ...

Firma je taká silná a kvalitná, akí sú jej pracovníci. Ich vzdelávanie je jednou z ciest k získaniu a udržaniu konkurenčnej výhody. 5 zásad, ktoré treba zvážiť, ak nemajú byť peniaze na vzdelávanie vyhodené.

Salvato in:
Dettagli Bibliografici
Autore principale: Vokounová, Michaela
Natura: Capitolo di libro
Lingua:ceco
Soggetti:
Tags: Aggiungi Tag
Nessun Tag, puoi essere il primo ad aggiungerne!!

MARC

LEADER 00000naa a2200000 4500
001 0123467
005 20231113132241.7
041 0 |a cze 
044 |a CZ 
245 1 0 |a Pozor - čas tréninků se blíží ...  |c Michaela Vokounová 
520 |a Firma je taká silná a kvalitná, akí sú jej pracovníci. Ich vzdelávanie je jednou z ciest k získaniu a udržaniu konkurenčnej výhody. 5 zásad, ktoré treba zvážiť, ak nemajú byť peniaze na vzdelávanie vyhodené. 
610 2 0 |a firmy 
610 2 0 |a zamestnanci 
610 2 0 |a vzdelávanie ďalšie 
610 2 0 |a efektívnosť vzdelávania 
100 1 |a Vokounová, Michaela